| 000 | 00610nam a2200229Ia 4500 | ||
|---|---|---|---|
| 003 | OSt | ||
| 005 | 20220228172756.0 | ||
| 008 | 150909s9999 xx 000 0 und d | ||
| 040 | _cCOH | ||
| 041 | _aEnglish | ||
| 082 | _a338.1 | ||
| 082 | _bSAN/EC | ||
| 100 |
_aSanthosh Narayanan _4Researcher |
||
| 100 |
_a Latha Bastine C _4Guide |
||
| 245 | _aEconomics of prodction and marketing of coconut in central region of Kerala. | ||
| 250 | _aM.Sc | ||
| 260 | _aThrissur | ||
| 260 | _bCollege of Horticulture | ||
| 260 | _c2001 | ||
| 650 | _aAgricultural economics | ||
| 942 |
_cTH _2ddc |
||
| 999 |
_c199340 _d199340 |
||